Uczestnicy Ligi Konferencji Europy w sezonie 2024/25 - Statystyki

Ogólne statystyki
  • Ten quiz został rozwiązany 26 razy
  • Średni wynik to 17 z 36
Statystyki odpowiedzi
Klub Kraj Pochodzenia % Poprawnych
Legia Warszawa Polska
89%
Jagiellonia Białystok Polska
84%
Chelsea Anglia
79%
Omonia Nikozja Cypr
74%
Real Betis HIszpania
74%
FC Kopenhaga Dania
68%
APOEL Nikozja Cypr
63%
Dynamo Mińsk Białoruś
63%
Fiorentina Włochy
58%
HJK Helsinki Finlandia
53%
KAA Gent Belgia
53%
NK Celje Słowenia
53%
Cercle Brugge Belgia
47%
Djurgardens Szwecja
47%
FK Astana Kazachstan
47%
LASK Linz Austria
47%
Molde Norwegia
47%
Petrocub Hincesti Mołdawia
47%
Rapid Wiedeń Austria
47%
Backa Topola Serbia
42%
Hearts of Midlothian Szkocja
42%
Heidenheim Niemcy
42%
Noah Armenia
42%
Pafos Cypr
42%
Panathinaikos Grecja
42%
The New Saints Walia
42%
Borac Banja Luka Bośnia i Hercegowina
37%
Lugano Szwajcaria
37%
Mlada Boleslav Czechy
37%
Sankt Gallen Szwajcaria
32%
Shamrock Rovers Irlandia
32%
Vitoria Guimaraes Portugalia
32%
Larne Irlandia Północna
21%
Vikingur Rejkjavik Islandia
11%
Basaksekhir Turcja
5%
Olimpja Ljubljana Słowenia
5%
Nie znaleziono quizów pasujących do podanych kryteriów
Rozkład punktacji
Procent ludzi z każdym wynikiem
Percentyl według liczby udzielonych odpowiedzi
Twoja historia wyników
Nie rozwiązałeś tego quizu